[Event "Keres Memorial rap 31st"]
[Site "Tallinn"]
[Date "2022.09.11"]
[Round "10"]
[White "Luukkonen, Tommi"]
[Black "Kanep, Siim"]
[Result "1-0"]
[WhiteElo "2250"]
[BlackElo "2180"]
[PlyCount "59"]
[EventDate "2022.09.10"]
[EventType "swiss (rapid)"]
[EventRounds "11"]
[EventCountry "EST"]
[SourceTitle "CBM 210 Extra"]
[Source "ChessBase"]
[SourceDate "2022.11.30"]
[SourceVersion "1"]
[SourceVersionDate "2022.11.30"]
[SourceQuality "1"]

1. e4 c5 2. Nc3 Nc6 3. Bb5 e6 4. Bxc6 bxc6 5. f4 d5 6. Nf3 Nf6 7. Qe2 Be7 8. d3 Ba6 9. Ne5 Qc7 10. 0-0 0-0 11. b3 Rad8 12. Bb2 c4 13. dxc4 dxc4 14. Nxc4 Bc5+ 15. Kh1 Bd4 16. Rad1 c5 17. Na4 Qc6 18. c3 Bxc4 19. bxc4 Qxa4 20. cxd4 cxd4 21. Bxd4 Nd7 22. c5 Nb8 23. Be5 Rxd1 24. Rxd1 Nc6 25. Ba1 Rb8 26. h3 f6 27. Kh2 Rb4 28. Qg4 Rxe4 29. Rd7 g6 30. Qh4 1-0

[Event "EU-ch rapid"]
[Site "Tallinn"]
[Date "2019.12.06"]
[Round "11"]
[White "Cerveny, Martin"]
[Black "Kanep, Siim"]
[Result "1-0"]
[WhiteElo "2432"]
[BlackElo "2260"]
[PlyCount "67"]
[EventDate "2019.12.05"]
[EventType "swiss"]
[EventRounds "13"]
[EventCountry "EST"]
[SourceTitle "CBM 193 Extra"]
[Source "ChessBase"]
[SourceDate "2020.01.31"]
[SourceVersion "1"]
[SourceVersionDate "2020.01.31"]
[SourceQuality "1"]

1. d4 Nf6 2. Nf3 d5 3. c4 c6 4. e3 Bf5 5. cxd5 cxd5 6. Qb3 Bc8 7. Nc3 g6 8. Bb5+ Nc6 9. Ne5 Qd6 10. e4 e6 11. Bf4 Nh5 12. Be3 Bg7 13. Nxc6 bxc6 14. e5 Qd7 15. Be2 Bf8 16. Na4 Ng7 17. Qc3 Rb8 18. a3 Nf5 19. Bg5 Be7 20. f4 Bxg5 21. fxg5 0-0 22. g4 Ng7 23. Nc5 Qe7 24. h4 Ne8 25. 0-0-0 Nc7 26. Rdf1 Rb6 27. Rf6 Bd7 28. h5 Rfb8 29. b3 Ne8 30. Rhf1 Nxf6 31. gxf6 Qf8 32. g5 Bc8 33. hxg6 fxg6 34. f7+ 1-0

[Event "EU-ch rapid"]
[Site "Tallinn"]
[Date "2019.12.06"]
[Round "10"]
[White "Kanep, Siim"]
[Black "Mohr, Georg"]
[Result "1/2-1/2"]
[WhiteElo "2260"]
[BlackElo "2424"]
[PlyCount "65"]
[EventDate "2019.12.05"]
[EventType "swiss"]
[EventRounds "13"]
[EventCountry "EST"]
[SourceTitle "CBM 193 Extra"]
[Source "ChessBase"]
[SourceDate "2020.01.31"]
[SourceVersion "1"]
[SourceVersionDate "2020.01.31"]
[SourceQuality "1"]

1. d4 g6 2. e4 Bg7 3. Nc3 d6 4. Be3 a6 5. Qd2 b5 6. Nf3 Bb7 7. Bd3 Nd7 8. 0-0 e6 9. a4 b4 10. Ne2 a5 11. Ng3 Ne7 12. Bh6 0-0 13. Bxg7 Kxg7 14. c3 c5 15. Bb5 Nf6 16. Rfe1 h6 17. Rad1 cxd4 18. Nxd4 bxc3 19. bxc3 Qc7 20. Bd3 e5 21. Nb5 Qc5 22. Bc2 d5 23. exd5 Nexd5 24. Rxe5 Rfe8 25. Qd4 Qxd4 26. cxd4 Rad8 27. Rxe8 Nxe8 28. Ne4 Bc6 29. f3 Nef6 30. Nxf6 Kxf6 31. Be4 Bxb5 32. axb5 Nc3 33. Ra1 1/2-1/2

[Event "PRO League Stage"]
[Site "Chess.com INT"]
[Date "2018.02.04"]
[Round "4.4"]
[White "Kanep, Siim"]
[Black "Atalik, Suat"]
[Result "0-1"]
[WhiteElo "2180"]
[BlackElo "2507"]
[PlyCount "58"]
[EventDate "2018.01.18"]
[EventType "team-swiss (rapid)"]
[EventRounds "9"]
[EventCountry "USA"]
[SourceTitle "CBM 183"]
[Source "ChessBase"]
[SourceDate "2018.03.14"]
[SourceVersion "1"]
[SourceVersionDate "2018.03.14"]
[SourceQuality "1"]
[WhiteTeam "Estonia Horses"]
[BlackTeam "Amsterdam Mosquitos"]
[WhiteTeamCountry "EST"]
[BlackTeamCountry "NED"]

1. d4 d5 2. Nf3 Nf6 3. c4 e6 4. Nc3 c6 5. e3 Nbd7 6. Bd3 Be7 7. 0-0 0-0 8. e4 dxe4 9. Nxe4 c5 10. Nxf6+ Nxf6 11. dxc5 Qa5 12. Qe2 Qxc5 13. Bg5 Rd8 14. Rfd1 Bd7 15. Ne5 Be8 16. b4 Qxb4 17. Rab1 Qc5 18. Rxb7 Rab8 19. Rxe7 Qxe7 20. Ng4 Ba4 21. Nxf6+ gxf6 22. Qe4 f5 23. Qh4 Rxd3 24. Rf1 f6 25. Bxf6 Qf7 26. Be5 Rbd8 27. Qg5+ Qg6 28. Qe7 Bc6 29. g3 R3d7 0-1

[Event "PRO League Stage"]
[Site "Chess.com INT"]
[Date "2018.02.03"]
[Round "4"]
[White "Barseghyan, Harutyun"]
[Black "Kanep, Siim"]
[Result "1-0"]
[WhiteElo "2467"]
[BlackElo "2180"]
[PlyCount "63"]
[EventDate "2018.01.18"]
[EventType "team-swiss (rapid)"]
[EventRounds "9"]
[EventCountry "USA"]
[SourceTitle "CBM 182 Extra"]
[Source "ChessBase"]
[SourceDate "2018.02.23"]
[SourceVersion "1"]
[SourceVersionDate "2018.02.23"]
[SourceQuality "1"]
[WhiteTeam "Cannes Blockbusters"]
[BlackTeam "Estonia Horses"]
[WhiteTeamCountry "FRA"]
[BlackTeamCountry "EST"]

1. d4 Nf6 2. c4 e6 3. Nc3 Bb4 4. g3 0-0 5. Bg2 d5 6. Nf3 c5 7. 0-0 dxc4 8. dxc5 Qa5 9. Qc2 Qxc5 10. Na4 Qa5 11. a3 Be7 12. Bd2 Qh5 13. Qxc4 b5 14. Qh4 Bb7 15. Qxh5 Nxh5 16. Nc3 a6 17. Rac1 Nd7 18. Na2 Rac8 19. Bb4 Bxb4 20. Nxb4 Nhf6 21. Nd4 Bxg2 22. Kxg2 Ra8 23. Rc6 a5 24. Nd3 Rfb8 25. Rfc1 g6 26. Rc7 Kg7 27. Nc5 Nxc5 28. R1xc5 Kg8 29. Nxb5 Nd5 30. Rd7 a4 31. Nc7 Ra7 32. Nxd5 1-0

[Event "PRO League Stage"]
[Site "Chess.com INT"]
[Date "2018.02.03"]
[Round "4"]
[White "Kanep, Siim"]
[Black "Roberson, Peter T"]
[Result "0-1"]
[WhiteElo "2180"]
[BlackElo "2412"]
[PlyCount "142"]
[EventDate "2018.01.18"]
[EventType "team-swiss (rapid)"]
[EventRounds "9"]
[EventCountry "USA"]
[SourceTitle "CBM 182 Extra"]
[Source "ChessBase"]
[SourceDate "2018.02.23"]
[SourceVersion "1"]
[SourceVersionDate "2018.02.23"]
[SourceQuality "1"]
[WhiteTeam "Estonia Horses"]
[BlackTeam "London Towers"]
[WhiteTeamCountry "EST"]
[BlackTeamCountry "ENG"]

1. d4 e6 2. c4 Nf6 3. Nf3 c5 4. d5 d6 5. Nc3 exd5 6. cxd5 g6 7. Bf4 Bg7 8. h3 0-0 9. e3 Na6 10. Be2 Nc7 11. a4 Re8 12. 0-0 Rb8 13. Qb3 a6 14. a5 Na8 15. Nd2 b5 16. axb6 Nxb6 17. Rfd1 Bb7 18. e4 Bxd5 19. Qc2 Bc6 20. Rxa6 Re6 21. Nc4 Nxe4 22. Na5 Nxc3 23. bxc3 Ba4 24. Qd2 Bxd1 25. Qxd1 Ra8 26. Nc6 Qc7 27. Rxa8+ Nxa8 28. Bf3 Nb6 29. Qb3 h5 30. c4 Nd7 31. Bd5 Re1+ 32. Kh2 Ne5 33. Nb8 Re2 34. Na6 Qe7 35. Qb8+ Kh7 36. Nc7 Rxf2 37. Bg3 Rb2 38. Qc8 Qd7 39. Qxd7 Nxd7 40. Bxd6 Be5+ 41. Bxe5 Nxe5 42. Na6 Rc2 43. Nxc5 Nxc4 44. Be4 Rc1 45. Nd3 Rc3 46. Nf4 Kg7 47. Bd5 Ne5 48. Ne2 Ra3 49. Be4 f5 50. Bd5 h4 51. Nf4 Kf6 52. Kg1 Ra4 53. Ne2 Ra5 54. Bb7 Rb5 55. Ba8 Rb2 56. Kf2 Kg5 57. Bd5 Nd3+ 58. Ke3 Ne5 59. Nd4 f4+ 60. Ke4 Kf6 61. Kxf4 Rb4 62. Ke3 Nd7 63. Bf3 Ne5 64. Be4 g5 65. Nf3 Nxf3 66. Bxf3 Ke5 67. Bc6 Rb3+ 68. Kf2 Kf4 69. Bf3 Rb2+ 70. Be2 Ra2 71. Ke1 Kg3 0-1

[Event "PRO League Stage"]
[Site "Chess.com INT"]
[Date "2018.02.03"]
[Round "4"]
[White "Kanep, Siim"]
[Black "Skoberne, Jure"]
[Result "0-1"]
[WhiteElo "2180"]
[BlackElo "2553"]
[PlyCount "100"]
[EventDate "2018.01.18"]
[EventType "team-swiss (rapid)"]
[EventRounds "9"]
[EventCountry "USA"]
[SourceTitle "CBM 182 Extra"]
[Source "ChessBase"]
[SourceDate "2018.02.23"]
[SourceVersion "1"]
[SourceVersionDate "2018.02.23"]
[SourceQuality "1"]
[WhiteTeam "Estonia Horses"]
[BlackTeam "Ljubljana Turtles"]
[WhiteTeamCountry "EST"]
[BlackTeamCountry "SLO"]

1. d4 Nf6 2. Bg5 d5 3. e3 c5 4. c3 Nc6 5. Nd2 e5 6. dxe5 Nxe5 7. Ngf3 Nc6 8. Bd3 Be7 9. 0-0 0-0 10. Re1 Bg4 11. Qc2 h6 12. Bxf6 Bxf6 13. Bh7+ Kh8 14. Bf5 Bxf3 15. Nxf3 g6 16. Bh3 Qc7 17. Rad1 Rad8 18. g3 Qb6 19. Bg2 d4 20. cxd4 cxd4 21. exd4 Nxd4 22. Nxd4 Bxd4 23. Rd2 Rd6 24. Rde2 Kg7 25. Re7 Qxb2 26. Qxb2 Bxb2 27. Rxb7 Bd4 28. Rb3 Rc8 29. Rf1 Rc2 30. a4 Ra2 31. Rb4 Bb6 32. h4 Rd3 33. g4 Rda3 34. Bc6 Rh3 35. Rf4 Raa3 36. Kg2 Bc7 37. Rf3 Rhxf3 38. Bxf3 Rxa4 39. Rd1 Ra2 40. Bd5 Ra4 41. f3 Bb6 42. Re1 Rd4 43. Be4 Rd2+ 44. Kh3 Bc7 45. Rh1 Bf4 46. Bc6 a5 47. Bb5 Rb2 48. Ba4 Ra2 49. Bb3 Rf2 50. Bd5 a4 0-1

[Event "PRO League Stage"]
[Site "Chess.com INT"]
[Date "2018.02.03"]
[Round "4"]
[White "Kanep, Siim"]
[Black "Stefansson, Hannes"]
[Result "0-1"]
[WhiteElo "2180"]
[BlackElo "2523"]
[PlyCount "64"]
[EventDate "2018.01.18"]
[EventType "team-swiss (rapid)"]
[EventRounds "9"]
[EventCountry "USA"]
[SourceTitle "CBM 182 Extra"]
[Source "ChessBase"]
[SourceDate "2018.02.23"]
[SourceVersion "1"]
[SourceVersionDate "2018.02.23"]
[SourceQuality "1"]
[WhiteTeam "Estonia Horses"]
[BlackTeam "Reykjavik Puffins"]
[WhiteTeamCountry "EST"]
[BlackTeamCountry "ISL"]

1. d4 d5 2. c4 e6 3. Nc3 Bb4 4. Nf3 Nf6 5. Bg5 h6 6. Bh4 dxc4 7. Bxf6 Qxf6 8. e4 b5 9. a4 Bb7 10. Be2 Bxe4 11. axb5 Nd7 12. 0-0 Bxc3 13. bxc3 Bd5 14. Ra5 0-0 15. Qa1 e5 16. Rxa7 Qg6 17. Nh4 Qb6 18. Rxa8 Rxa8 19. Qb2 exd4 20. cxd4 Rb8 21. Nf5 Qxb5 22. Qc3 Be6 23. Ne7+ Kf8 24. d5 Bxd5 25. Qa3 Ra8 26. Qg3 Kxe7 27. Qxg7 Be6 28. Qxh6 Qe5 29. Qh4+ Qf6 30. Qe4 Ra1 31. Bxc4 Ra4 32. Rc1 Rxc4 0-1

[Event "World Amateur-ch U2300"]
[Site "Spoleto"]
[Date "2017.04.08"]
[Round "9"]
[White "Isaakidis, Alexandros"]
[Black "Kanep, Siim"]
[Result "0-1"]
[WhiteElo "2042"]
[BlackElo "2173"]
[PlyCount "68"]
[EventDate "2017.04.01"]
[EventType "swiss"]
[EventRounds "9"]
[EventCountry "ITA"]
[SourceTitle "CBM 177 Extra"]
[Source "ChessBase"]
[SourceDate "2017.04.27"]
[SourceVersion "1"]
[SourceVersionDate "2017.04.27"]
[SourceQuality "1"]

1. e4 c5 2. Nf3 d6 3. d4 cxd4 4. Nxd4 Nf6 5. Nc3 a6 6. h3 e6 7. g4 h6 8. Bg2 Nc6 9. Be3 Nd7 10. Qe2 Nde5 11. f4 Nxd4 12. Bxd4 Nc6 13. Be3 b5 14. 0-0-0 Bb7 15. Kb1 Qc7 16. Qf2 Rc8 17. Bb6 Qb8 18. Rhe1 Be7 19. Nd5 Bd8 20. Bxd8 Rxd8 21. Qh4 Rd7 22. Rd2 exd5 23. exd5+ Ne7 24. Rde2 Qc7 25. f5 f6 26. g5 0-0 27. gxh6 Nxf5 28. Qg4 Nxh6 29. Qg6 Rdf7 30. Bf3 Qc5 31. Qd3 Qc4 32. Qd2 Qh4 33. Re6 Bc8 34. Rxd6 Qg3 0-1

[Event "World Amateur-ch U2300"]
[Site "Spoleto"]
[Date "2017.04.07"]
[Round "8"]
[White "Kanep, Siim"]
[Black "Hurtado Bahamonde, Rodrigo And"]
[Result "1/2-1/2"]
[WhiteElo "2173"]
[BlackElo "2133"]
[PlyCount "25"]
[EventDate "2017.04.01"]
[EventType "swiss"]
[EventRounds "9"]
[EventCountry "ITA"]
[SourceTitle "CBM 177 Extra"]
[Source "ChessBase"]
[SourceDate "2017.04.27"]
[SourceVersion "1"]
[SourceVersionDate "2017.04.27"]
[SourceQuality "1"]

1. Nf3 d5 2. d4 Nf6 3. c4 c6 4. e3 Bg4 5. h3 Bxf3 6. Qxf3 e6 7. a3 Nbd7 8. Nc3 g6 9. Bd2 Bg7 10. Bd3 0-0 11. 0-0 Re8 12. Rfd1 Qe7 13. e4 1/2-1/2

[Event "World Amateur-ch U2300"]
[Site "Spoleto"]
[Date "2017.04.06"]
[Round "7"]
[White "Gutierrez, Renzo"]
[Black "Kanep, Siim"]
[Result "1/2-1/2"]
[WhiteElo "2282"]
[BlackElo "2173"]
[PlyCount "110"]
[EventDate "2017.04.01"]
[EventType "swiss"]
[EventRounds "9"]
[EventCountry "ITA"]
[SourceTitle "CBM 177 Extra"]
[Source "ChessBase"]
[SourceDate "2017.04.27"]
[SourceVersion "1"]
[SourceVersionDate "2017.04.27"]
[SourceQuality "1"]

1. d4 Nf6 2. c4 e6 3. Nc3 Bb4 4. e3 0-0 5. Nge2 Re8 6. a3 Bf8 7. g3 d5 8. cxd5 exd5 9. Bg2 a5 10. 0-0 c6 11. Bd2 Nbd7 12. Nf4 Nb6 13. b3 Bf5 14. Bc1 a4 15. b4 Ne4 16. Nce2 Nc4 17. Re1 Qf6 18. Ra2 g5 19. Nd3 Bg4 20. Qc2 Bf3 21. Nc3 Nxc3 22. Qxc3 Bxg2 23. Kxg2 g4 24. Qc2 Bd6 25. Qd1 Qf5 26. Rh1 Qe4+ 27. Kg1 Re6 28. h3 h5 29. hxg4 hxg4 30. Rh4 Rg6 31. Ne1 Be7 32. Rh5 Rg5 33. Rh2 Rg6 34. Re2 Qe6 35. Qc2 f5 36. Ng2 Bg5 37. Rh5 Re8 38. Qxa4 Nd6 39. Re1 Ne4 40. Nf4 Bxf4 41. exf4 Rh6 42. Rxh6 Qxh6 43. Qa7 Re7 44. Qb8+ Kf7 45. a4 Kf6 46. Qd8 Ke6 47. Qc8+ Kf6 48. Qd8 Ke6 49. Qg8+ Kd7 50. Qb8 Rh7 51. Qxb7+ Kd6 52. Qb8+ Kd7 53. Qb7+ Kd6 54. Qb8+ Kd7 55. Qb7+ Kd6 1/2-1/2

[Event "World Amateur-ch U2300"]
[Site "Spoleto"]
[Date "2017.04.04"]
[Round "5"]
[White "Dudin, Gleb"]
[Black "Kanep, Siim"]
[Result "1-0"]
[WhiteElo "2031"]
[BlackElo "2173"]
[PlyCount "63"]
[EventDate "2017.04.01"]
[EventType "swiss"]
[EventRounds "9"]
[EventCountry "ITA"]
[SourceTitle "CBM 177 Extra"]
[Source "ChessBase"]
[SourceDate "2017.04.27"]
[SourceVersion "1"]
[SourceVersionDate "2017.04.27"]
[SourceQuality "1"]

1. c4 Nf6 2. Nf3 g6 3. g3 Bg7 4. Bg2 0-0 5. 0-0 d6 6. Qc2 e5 7. d3 Nc6 8. a3 a5 9. b3 e4 10. dxe4 Nxe4 11. Bb2 Nc5 12. Bxg7 Kxg7 13. Nc3 Bf5 14. e4 Bg4 15. Nd5 Bxf3 16. Bxf3 Nd4 17. Qc3 Ncxb3 18. Rab1 a4 19. Rxb3 axb3 20. Qxd4+ f6 21. Qb2 c6 22. Nf4 Qe7 23. Qxb3 Ra5 24. Rb1 b5 25. Qc3 Rfa8 26. cxb5 cxb5 27. e5 R8a7 28. exf6+ Qxf6 29. Qc8 Rxa3 30. Rxb5 Qe7 31. Kg2 Ra1 32. Rb8 1-0

[Event "World Amateur-ch U2300"]
[Site "Spoleto"]
[Date "2017.04.02"]
[Round "3"]
[White "Al Huwar, Jasem"]
[Black "Kanep, Siim"]
[Result "1-0"]
[WhiteElo "2260"]
[BlackElo "2173"]
[PlyCount "71"]
[EventDate "2017.04.01"]
[EventType "swiss"]
[EventRounds "9"]
[EventCountry "ITA"]
[SourceTitle "CBM 177 Extra"]
[Source "ChessBase"]
[SourceDate "2017.04.27"]
[SourceVersion "1"]
[SourceVersionDate "2017.04.27"]
[SourceQuality "1"]

1. Nf3 d5 2. g3 Nc6 3. d4 Bf5 4. Bg2 Qd7 5. c4 dxc4 6. d5 Nb4 7. Nd4 e5 8. Nxf5 Qxf5 9. 0-0 Nf6 10. a3 Na6 11. Qa4+ Qd7 12. Qxc4 Bd6 13. Bg5 Nc5 14. b4 Na4 15. Nd2 Nb6 16. Qb3 Qf5 17. h4 h6 18. e4 Qg6 19. Be3 0-0 20. Rac1 Rfd8 21. Rfd1 Nfd7 22. Qc3 a5 23. bxa5 Na4 24. Qb3 Rxa5 25. Qxb7 Nac5 26. Qb1 Rxa3 27. Nc4 Rb3 28. Qc2 Rdb8 29. Rb1 Qg4 30. Rxb3 Rxb3 31. Ra1 Rb8 32. Kh2 Qg6 33. Bh3 Nf6 34. Bxc5 Bxc5 35. Nxe5 Qh5 36. Nc6 1-0

[Event "EU-ch blitz"]
[Site "Tallinn"]
[Date "2016.12.17"]
[Round "3"]
[White "Kanep, Siim"]
[Black "Kobalia, Mihail"]
[Result "0-1"]
[WhiteElo "2173"]
[BlackElo "2628"]
[PlyCount "46"]
[EventDate "2016.12.17"]
[EventType "swiss (blitz)"]
[EventRounds "26"]
[EventCountry "EST"]
[SourceTitle "CBM 176 Extra"]
[Source "ChessBase"]
[SourceDate "2017.03.02"]
[SourceVersion "1"]
[SourceVersionDate "2017.03.02"]
[SourceQuality "1"]

1. d4 f5 2. g3 Nf6 3. Bg2 g6 4. Nf3 Bg7 5. 0-0 0-0 6. c4 d6 7. Nc3 Nc6 8. d5 Ne5 9. Nd2 c5 10. Qc2 a6 11. a4 Qe8 12. b3 g5 13. Bb2 Qh5 14. Nf3 Nfg4 15. h3 Nxf3+ 16. exf3 Ne5 17. Qe2 g4 18. f4 Nf3+ 19. Kh1 Rf6 20. h4 Rh6 21. Bxf3 gxf3 22. Qxe7 Bf6 23. Qxd6 Bxh4 0-1

[Event "Viljandi Raud Memorial 49th"]
[Site "Viljandi"]
[Date "2015.07.05"]
[Round "9"]
[White "Shishkov, Andrei"]
[Black "Kanep, Siim"]
[Result "1/2-1/2"]
[WhiteElo "2387"]
[BlackElo "2161"]
[PlyCount "38"]
[EventDate "2015.06.29"]
[EventType "swiss"]
[EventRounds "9"]
[EventCountry "EST"]
[SourceTitle "CBM 167 Extra"]
[Source "ChessBase"]
[SourceDate "2015.09.14"]
[SourceVersion "1"]
[SourceVersionDate "2015.09.14"]
[SourceQuality "1"]

1. Nf3 Nf6 2. b3 g6 3. Bb2 Bg7 4. g3 0-0 5. Bg2 d6 6. d4 Nbd7 7. c4 e5 8. Nc3 e4 9. Ng5 e3 10. f4 c6 11. 0-0 Ng4 12. d5 c5 13. Qc1 Nh6 14. Nd1 Bxb2 15. Qxb2 Nf5 16. Bh3 Nd4 17. Nf3 Qf6 18. Rc1 Re8 19. Kg2 b5 1/2-1/2

[Event "Viljandi Raud Memorial 47th"]
[Site "Viljandi"]
[Date "2013.07.07"]
[Round "9"]
[White "Bondarenko, Dmitry"]
[Black "Kanep, Siim"]
[Result "0-1"]
[WhiteElo "1952"]
[BlackElo "2183"]
[PlyCount "64"]
[EventDate "2013.07.01"]
[EventType "swiss"]
[EventRounds "9"]
[EventCountry "EST"]
[SourceTitle "CBM 155 Extra"]
[Source "ChessBase"]
[SourceDate "2013.08.26"]
[SourceVersion "1"]
[SourceVersionDate "2013.08.26"]
[SourceQuality "1"]

1. d4 Nf6 2. Bg5 d5 3. Bxf6 exf6 4. e3 Bd6 5. Bd3 0-0 6. c3 c6 7. Qc2 g6 8. Nd2 f5 9. h4 Nd7 10. h5 Nf6 11. hxg6 hxg6 12. 0-0-0 Ne4 13. Nf1 Kg7 14. Nh3 Rh8 15. Rg1 Qe7 16. Nf4 Bd7 17. g3 Rae8 18. Ng2 c5 19. dxc5 Nxc5 20. Nf4 Ba4 21. b3 Bc6 22. g4 Nxd3+ 23. Qxd3 d4 24. Qxd4+ Be5 25. Qb4 Qxb4 26. cxb4 Bf3 27. Nd2 Rc8+ 28. Nc4 b5 29. Rd7 Bxf4 30. exf4 fxg4 31. Rxa7 bxc4 32. bxc4 Rxc4+ 0-1

[Event "Viljandi Raud Memorial 47th"]
[Site "Viljandi"]
[Date "2013.07.03"]
[Round "4"]
[White "Petrov, Dmitri"]
[Black "Kanep, Siim"]
[Result "0-1"]
[WhiteElo "1889"]
[BlackElo "2183"]
[PlyCount "73"]
[EventDate "2013.07.01"]
[EventType "swiss"]
[EventRounds "9"]
[EventCountry "EST"]
[SourceTitle "CBM 155 Extra"]
[Source "ChessBase"]
[SourceDate "2013.08.26"]
[SourceVersion "1"]
[SourceVersionDate "2013.08.26"]
[SourceQuality "1"]

1. e4 c5 2. Nf3 d6 3. d4 cxd4 4. Nxd4 Nf6 5. Nc3 a6 6. f3 e5 7. Nb3 Be7 8. Be3 Be6 9. Qd2 0-0 10. 0-0-0 a5 11. Bb5 Na6 12. g4 Nc7 13. Kb1 d5 14. g5 d4 15. gxf6 Bxf6 16. Nxd4 exd4 17. Bxd4 Bxd4 18. Qxd4 Qh4 19. Rhg1 g6 20. e5 Qxd4 21. Rxd4 f6 22. exf6 Rxf6 23. Be2 Bf5 24. Ne4 Rc6 25. Bc4+ Kg7 26. Nd6 Be6 27. Bd3 Bxa2+ 28. Kxa2 Ne6 29. Rgg4 Nxd4 30. Rxd4 Rc7 31. Nb5 Rf7 32. Be4 Rc8 33. c3 Rc5 34. Nd6 Re7 35. Nxb7 Rh5 36. c4 Rxh2 37. c5 0-1

[Event "Viljandi Raud Memorial 47th"]
[Site "Viljandi"]
[Date "2013.07.02"]
[Round "2"]
[White "Agopov, Mikael"]
[Black "Kanep, Siim"]
[Result "1/2-1/2"]
[WhiteElo "2429"]
[BlackElo "2183"]
[PlyCount "115"]
[EventDate "2013.07.01"]
[EventType "swiss"]
[EventRounds "9"]
[EventCountry "EST"]
[SourceTitle "CBM 155 Extra"]
[Source "ChessBase"]
[SourceDate "2013.08.26"]
[SourceVersion "1"]
[SourceVersionDate "2013.08.26"]
[SourceQuality "1"]

1. e4 c5 2. Nf3 d6 3. d4 cxd4 4. Nxd4 Nf6 5. Nc3 a6 6. Be3 e5 7. Nb3 Be7 8. f3 Be6 9. Qd2 0-0 10. 0-0-0 a5 11. Bb5 Na6 12. Qe2 Nc7 13. Ba4 b5 14. Bxb5 Nxb5 15. Qxb5 Qc8 16. Nd2 Rb8 17. Qd3 Qc6 18. Bg5 Rfc8 19. Bxf6 Bxf6 20. Nd5 Bxd5 21. exd5 Qa4 22. Ne4 Qxa2 23. Qa3 Qxa3 24. Nxf6+ gxf6 25. bxa3 Rb3 26. Rd2 Rxa3 27. Kb2 Ra4 28. Rb1 Rb4+ 29. Kc1 Rxb1+ 30. Kxb1 f5 31. Kb2 Kg7 32. g3 h5 33. Kb3 Kf6 34. c4 Kg5 35. Ra2 Rc5 36. Kc3 h4 37. Rb2 hxg3 38. hxg3 Rc7 39. Rb6 Rd7 40. Ra6 f4 41. g4 e4 42. fxe4 f3 43. Kd3 Kf4 44. Rxa5 Re7 45. g5 Rxe4 46. Ra2 Re3+ 47. Kd4 Re2 48. Ra7 Re4+ 49. Kc3 Ke3 50. Rxf7 f2 51. g6 Rg4 52. g7 Ke2 53. Re7+ Kd1 54. Rf7 Ke2 55. Re7+ Kd1 56. Rf7 Ke2 57. Re7+ Kd1 58. Rf7 1/2-1/2

[Event "Karksi rapid op"]
[Site "Karksi Nuia"]
[Date "2009.07.31"]
[Round "1"]
[White "Kajak, Kalju"]
[Black "Kanep, Siim"]
[Result "0-1"]
[WhiteElo "1951"]
[BlackElo "2333"]
[PlyCount "81"]
[EventDate "2009.07.31"]
[EventType "swiss (rapid)"]
[EventRounds "7"]
[EventCountry "EST"]
[SourceTitle "EXT 2018"]
[Source "ChessBase"]
[SourceDate "2017.10.13"]
[SourceVersion "1"]
[SourceVersionDate "2017.10.13"]
[SourceQuality "1"]

1. d4 Nf6 2. c4 c5 3. d5 e6 4. Nc3 exd5 5. cxd5 d6 6. e4 g6 7. Nf3 Bg7 8. Bb5+ Nbd7 9. 0-0 0-0 10. Bg5 a6 11. Bxd7 Bxd7 12. e5 dxe5 13. Nxe5 Bf5 14. g4 Bd7 15. Nxd7 Qxd7 16. h3 Rfe8 17. Bxf6 Bxf6 18. Qf3 Bd4 19. Rfe1 Kg7 20. Rad1 Rad8 21. Rxe8 Rxe8 22. b3 Re5 23. Ne4 Rxd5 24. Nc3 Re5 25. Ne4 Qe6 26. Ng3 b5 27. Kg2 Qd5 28. Ne2 h5 29. Nxd4 cxd4 30. Qxd5 Rxd5 31. Kf3 f5 32. gxh5 gxh5 33. Kf4 Kf6 34. Rc1 Rd6 35. Rc2 d3 36. Rd2 Rd4+ 37. Ke3 Rh4 38. Kxd3 Rxh3+ 39. Kd4 h4 40. Re2 Rf3 41. Rc2 0-1

[Event "EST-chT 21st"]
[Site "Tallinn"]
[Date "2006.03.24"]
[Round "3"]
[White "Keskel, Marko"]
[Black "Kanep, Siim"]
[Result "0-1"]
[WhiteElo "2151"]
[BlackElo "2228"]
[PlyCount "96"]
[EventDate "2006.03.23"]
[EventType "team"]
[EventRounds "7"]
[EventCountry "EST"]
[SourceTitle "EXT 2007"]
[Source "ChessBase"]
[SourceDate "2006.11.23"]
[SourceVersion "1"]
[SourceVersionDate "2006.11.23"]
[SourceQuality "1"]
[WhiteTeam "Reval Sport"]
[BlackTeam "Viljandi MS"]
[WhiteTeamCountry "EST"]
[BlackTeamCountry "EST"]

1. e4 c5 2. Nc3 Nc6 3. g3 g6 4. Bg2 Bg7 5. Nge2 e6 6. d3 d6 7. 0-0 Nge7 8. Be3 Nd4 9. a3 0-0 10. Rb1 a5 11. Qd2 Nec6 12. h3 Rb8 13. g4 b5 14. Ng3 b4 15. Nce2 e5 16. f4 Nxe2+ 17. Qxe2 exf4 18. Bxf4 Nd4 19. Qd2 Ba6 20. Ne2 Ne6 21. Be3 c4 22. Rfd1 cxd3 23. cxd3 Nc5 24. d4 Nb3 25. Qc2 Bxe2 26. Qxe2 bxa3 27. bxa3 Nxd4 28. Qa6 Rxb1 29. Rxb1 Nc2 30. Bb6 Bd4+ 31. Bxd4 Nxd4 32. Rd1 Qg5 33. Qd3 Ne6 34. Kh1 h5 35. gxh5 Nf4 36. Qd2 Qxh5 37. Qxd6 Nxh3 38. Rd5 Qh4 39. Bxh3 Qxh3+ 40. Kg1 Qg4+ 41. Kf2 Qxe4 42. Rg5 Re8 43. Qd2 Rc8 44. Kg3 Rb8 45. Rd5 Rb3+ 46. Kh2 Qh4+ 47. Kg1 Qg3+ 48. Kf1 Rf3+ 0-1

[Event "Viljandimaa Region-ch"]
[Site "Viljandi"]
[Date "2005.12.03"]
[Round "8"]
[White "Kartau, Rein"]
[Black "Kanep, Siim"]
[Result "0-1"]
[WhiteElo "1898"]
[BlackElo "2216"]
[PlyCount "120"]
[EventDate "2005.10.29"]
[EventType "tourn"]
[EventRounds "9"]
[EventCountry "EST"]
[SourceTitle "EXT 2018"]
[Source "ChessBase"]
[SourceDate "2017.10.13"]
[SourceVersion "1"]
[SourceVersionDate "2017.10.13"]
[SourceQuality "1"]

1. d4 Nf6 2. Nf3 c5 3. c3 g6 4. Bg5 Ne4 5. Bf4 Bg7 6. Qc2 d5 7. e3 Nc6 8. Nbd2 Nxd2 9. Qxd2 0-0 10. Bd3 Bg4 11. Be2 Rc8 12. h3 Bxf3 13. Bxf3 cxd4 14. exd4 Re8 15. 0-0 b5 16. a3 Na5 17. Rae1 Nc4 18. Qe2 a5 19. h4 e5 20. dxe5 Bxe5 21. Bxe5 Rxe5 22. Qd3 Qxh4 23. Rxe5 Nxe5 24. Qxd5 Qf4 25. Be2 b4 26. axb4 axb4 27. g3 Qf6 28. f4 Qb6+ 29. Qd4 Qxd4+ 30. cxd4 Nd7 31. Rf3 Rc2 32. Bb5 Nf6 33. Rf2 Rc8 34. Re2 Rd8 35. Rd2 Ne4 36. Rd3 Nd6 37. Ba4 Nf5 38. d5 h5 39. Kf2 Kf8 40. Kf3 Ke7 41. g4 hxg4+ 42. Kxg4 Rxd5 43. Rb3 Rd4 44. Bc6 Ng7 45. Re3+ Ne6 46. Kg3 Kf6 47. Rf3 Rd2 48. Be4 Rxb2 49. Rf1 Rb3+ 50. Kg4 Re3 51. Bd5 Nd4 52. Ra1 Nf5 53. Bf3 Nh6+ 54. Kg3 b3 55. Ra6+ Re6 56. Ra1 b2 57. Rb1 Rb6 58. Be4 Nf5+ 59. Kf3 Nd6 60. Bd3 Rb3 0-1